| 000 | 00455 a2200145 4500 | ||
|---|---|---|---|
| 001 | 87953 | ||
| 082 | _aPR 314 | ||
| 090 |
_c41423 _d41423 |
||
| 100 | _aFaisal Sultan; Tanveer Hussain, Prof | ||
| 245 |
_aTo study the delay in boundry layer seperation under the combined affect of oscillation and heat induction to NACA 0012 airfoil _nG-65 |
||
| 260 |
_aRisalpur _bNUST _c2003 |
||
| 300 | _aix, 150 p. | ||
| 500 | _aBE project reports AE | ||
| 650 | _aNACA | ||
| 942 |
_aCAE NUST _kPR 314 |
||
| 999 |
_c323026 _d323026 |
||